Commentateurs sportifs français par images - Statistiques

Statistiques générales
  • Ce quiz a été pris 180 fois
  • Le résultat moyen est 11 sur 20
Statistiques - réponses
Par images Réponse % Correct
Bixente Lizarazu
93%
Nelson Monfort
88%
Omar da Fonseca
80%
Grégoire Margotton
77%
Laure Boulleau
73%
Thierry Roland
73%
Thierry Gilardi
69%
Yoann Riou
65%
Laurent Luyat
57%
Jean-Michel Larqué
55%
Gérard Holtz
54%
Alexandre Ruiz
51%
Patrick Montel
50%
Jean-Charles Sabattier
49%
Julien Fébreau
44%
Matthieu Lartot
43%
Georges Eddy
34%
Eugène Saccomano
27%
Alexandre Boyon
25%
Fabien Lévêque
23%
Aucun quiz correspondant
Distribution des résultats
% des personnes avec chaque résultat
Percentile par nombre de réponses
Votre historique - résultats
Vous n’avez pas pris ce quiz